| 000 | 00000nam 2200000zi 4500 |
| 001 | 9.880228 |
| 003 | CaOODSP |
| 005 | 20251031142448 |
| 006 | m o d f |
| 007 | cr cn||||||||| |
| 008 | 191004t20182018oncab ob f000 0 eng d |
| 040 | |aCaOODSP|beng|erda|cCaOODSP |
| 043 | |an-cn--- |
| 086 | 1 |aM183-2/8365E-PDF |
| 100 | 1 |aHamblin, Anthony P., |eauthor. |
| 245 | 10|aMessage in a bottle : |bthe wine terroir concept in Canada, from an earth sciences perspective / |cA.P. Hamblin. |
| 264 | 1|a[Ottawa] : |bGeological Survey of Canada, |c2018. |
| 264 | 4|c©2018 |
| 300 | |a1 online resource (iii, 62 pages) : |bcolour illustrations, colour maps. |
| 336 | |atext|btxt|2rdacontent |
| 337 | |acomputer|bc|2rdamedia |
| 338 | |aonline resource|bcr|2rdacarrier |
| 490 | 1 |aOpen file ; |v8365 |
| 504 | |aIncludes bibliographical references (pages 56-62). |
| 520 | 3 |a"Geology is an important, but less-recognized, scientific factor in the agriculture of long-lived, deep-rooted plant crops such as vineyards, orchards and forests. This report focuses on the concept of vineyard agriculture as one example of how geological factors may affect a resulting crop. While acknowledging the pre-eminence of climatic factors, Earth Science forms part of the multi-factor, holistic concept of "terroir", which can help to maximize the potential of wine quality in a cool-climate country like Canada"--Abstract, page 1. |
| 692 | 07|2gccst|aGeology |
| 710 | 1 |aCanada. |bNatural Resources Canada. |
| 710 | 2 |aGeological Survey of Canada. |
| 830 | #0|aOpen file (Geological Survey of Canada)|v8365.|w(CaOODSP)9.506878 |
| 856 | 40|qPDF|s19.14 MB|uhttps://publications.gc.ca/collections/collection_2019/rncan-nrcan/m183-2/M183-2-8365-eng.pdf |
| 986 | |a308492 |